000
00284 a2200145 4500
001
168730
020
_a
040
_c
Magnum
100
_a
Belotur
240
1
0
_a
Belo horizonte/brasil
_l
por
245
1
0
_a
Belo horizonte/brasil
362
0
_a
1899
697
_a
GERAL
942
_c
BK
999
_c
168730
_d
168730